000 00406nam a2200157Ia 4500
008 151213s9999 xx 000 0 und d
100 _aRobert F. Coughlin
245 _aOperational Amplifiers and Linear
_cRobert F. Coughlin
250 _a4th
260 _aNew Delhi
_bPrentic Hall
_c1991
300 _a8611 p.
650 _aE.E.E.
650 _ascience
700 _aRobert F. Coughlin
999 _c4404
_d4404